| 000 | 00622nam a2200193Ia 4500 | ||
|---|---|---|---|
| 003 | GCL | ||
| 008 | 140319s9999 xx 000 0 ara d | ||
| 040 |
_aGCL / _cGCL |
||
| 082 | 0 | 4 |
_a819.9 _bع ش |
| 100 | 1 | _aعباس محمود العقاد | |
| 245 | 1 | 0 |
_aشعراء مصر وبيئاتهم فى الجيل الماضى / _cعباس محمود العقاد |
| 260 |
_a[S.N] : _bنهضة مصر للطباعة والنشر والتوزيع |
||
| 300 | _a199 ص | ||
| 490 | _a | ||
| 650 | 0 | 4 | _aالشعر العربى |
| 650 | 0 | 4 | _aدواوين وقصائد |
| 650 | 0 | 4 | _aالشعر العاطفى |
| 942 |
_2ddc _cBK |
||
| 999 |
_c55814 _d55814 |
||